Egyesületi közlemények. Az 1998. április 25-i közgyűlés iratai. Benkő Samu elnöki megnyitóbeszéde
Elmentve itt :
| Szerző: | |
|---|---|
| Adatforrás: | Meister |
| Forrásdokumentuma: | Erdélyi Múzeum. - 1-2 sz., 1998, 112-116 p. |
| Nyelv: | magyar |
| Kulcsszavak: | intézménytörténet kulturális intézmények politikai intézmények múzeumok EME-közgyűlésJAKÓ Zsigmond Erdélyi Múzeum-Egyesület (EME) RMDSZ-Romániai Magyar Demokrata Szövetség |
| LEADER | 00679nab a2200193 i 4500 | ||
|---|---|---|---|
| 001 | bibPRO00008317 | ||
| 008 | 060524s1998 xx hun | ||
| 040 | |a Sz1 | ||
| 041 | |a hun | ||
| 100 | 1 | |a BENKŐ Samu | |
| 245 | 1 | 0 | |a Egyesületi közlemények. Az 1998. április 25-i közgyűlés iratai. Benkő Samu elnöki megnyitóbeszéde |c BENKŐ Samu |
| 695 | |a intézménytörténet | ||
| 695 | |a kulturális intézmények | ||
| 695 | |a politikai intézmények | ||
| 695 | |a múzeumok | ||
| 695 | |a EME-közgyűlésJAKÓ Zsigmond | ||
| 695 | |a Erdélyi Múzeum-Egyesület (EME) | ||
| 695 | |a RMDSZ-Romániai Magyar Demokrata Szövetség | ||
| 773 | 0 | |t Erdélyi Múzeum. - |g 1-2 sz., 1998, 112-116 p. | |